000 00843cam a2200277Ii 4500
999 _c120237
_d120237
005 20201226162028.0
008 160505s2016 enka b 001 0 eng d
020 _a9781472913210
020 _a1472913213
020 _a9781472915382
020 _a1472915380
040 _cNLE
082 _a711.4
_bWIN-S
100 1 _aWinkless, Laurie
245 1 0 _aScience and the city :
_bthe mechanics behind the metropolis /
_cby Laurie Winkless
260 _aNew York :
_bBloomsbury Sigma,
_c2016
300 _a298 p. :
_billustrations ;
_c22 cm.
490 1 _aBloomsbury sigma series
650 0 _aCities and towns.
650 0 _aCity planning
650 0 _aCivil engineering
650 0 _aCities and towns
_xEffect of technological innovations on.
650 0 _aCivil engineering.
650 0 _aScience and civilization.
942 _cBK